Japan at first hand : Her islands, their people, the picturesque, the real, with latest facts and figures on their war-time trade expansion and commercial outreach
Originally published in 1918. This volume from the Cornell University Library's print collections was scanned on an APT BookScan and converted to JPG 2000 format by Kirtas Technologies. All titles scanned cover to cover and pages may include marks notations and other marginalia present in the o...
Saved in:
| Main Author: | |
|---|---|
| Format: | Book |
| Language: | Undetermined |
| Published: |
New York
Dodd, Mead and Company
1918
|
| Subjects: | |
| Tags: |
Add Tag
No Tags, Be the first to tag this record!
|
| Institutions: | Trung tâm Học liệu Trường Đại học Cần Thơ |
|---|
| LEADER | 00984nam a2200205Ia 4500 | ||
|---|---|---|---|
| 001 | CTU_218535 | ||
| 008 | 210402s9999 xx 000 0 und d | ||
| 082 | |a 915.2 | ||
| 082 | |b C598 | ||
| 100 | |a Clarke, Joseph Ignatius Constantine | ||
| 245 | 0 | |a Japan at first hand : | |
| 245 | 0 | |b Her islands, their people, the picturesque, the real, with latest facts and figures on their war-time trade expansion and commercial outreach | |
| 245 | 0 | |c Joseph Ignatius Constantine Clarke | |
| 260 | |a New York | ||
| 260 | |b Dodd, Mead and Company | ||
| 260 | |c 1918 | ||
| 520 | |a Originally published in 1918. This volume from the Cornell University Library's print collections was scanned on an APT BookScan and converted to JPG 2000 format by Kirtas Technologies. All titles scanned cover to cover and pages may include marks notations and other marginalia present in the original volume. | ||
| 650 | |a Japan | ||
| 904 | |i Trúc | ||
| 980 | |a Trung tâm Học liệu Trường Đại học Cần Thơ | ||